Traveling Through the World by Country Clues #1 - Statistics

General Stats
  • This quiz has been taken 42 times
  • The average score is 13 of 21
Answer Stats
Hint Answer % Correct
Borders the United States to the South Mexico
100%
Country with the Southernmost Point in the World Chile
87%
Only Country in Latin America to have Portuguese as an Official Language Brazil
81%
Known for a Famous Canal Panama
81%
Birthplace of the Tango Argentina
77%
Its Name Means "Rich Coast" Costa Rica
74%
This Country Hosted the First-Ever Soccer World Cup Uruguay
74%
Origin of the Potato Peru
68%
Largest Barrier Reef in North America Belize
65%
Smallest Country is Central America El Salvador
65%
Its Gastronomy is Recognized as an UNESCO World Heritage France
61%
Most Olive Product Production in the World Spain
61%
Country that is "The Birthplace of Chocolate" Guatemala
58%
Extreme Amount of Biodiversity, Lakes and Volcanoes Nicaragua
58%
Sandwiched Between the above country and another Andorra
55%
Home to a Huge Population of Red Macaws Honduras
55%
Only 12% of this Country is Inhabited, Due to the Sahara Desert Algeria
52%
Has the World's Oldest Bookstore Portugal
45%
Named After a Lake in This Country Chad
35%
This Country is About the Same Size as California Morocco
35%
This Country is the Wettest Country in the World Cameroon
26%
No matching quizzes found
Score Distribution
Percent of People with Each Score
Percentile by Number Answered
Your Score History
You have not taken this quiz